MONETARY ECONOMICS: POLICY AND ITS THEORETICAL BASIS (Record no. 6569)
[ view plain ]
| 000 -LEADER | |
|---|---|
| fixed length control field | 00920cam a22002294a 4500 |
| 005 - ΗΜΕΡΟΜΗΝΙΑ ΚΑΙ ΩΡΑ ΤΕΛΕΥΤΑΙΑΣ ΕΝΗΜΕΡΩΣΗΣ | |
| Πεδίο ελέγχου | 20250605164246.0 |
| 008 - FIXED-LENGTH DATA ELEMENTS--GENERAL INFORMATION | |
| Πεδίο ελέγχου σταθερού μήκους | 250528s ||||||||||||||||||||||||d |
| 035 ## - SYSTEM CONTROL NUMBER | |
| System control number | 21507 |
| 020 ## - ISBN | |
| ISBN | 9780333792551 |
| 040 ## - ΠΗΓΗ ΚΑΤΑΛΟΓΟΓΡΑΦΗΣΗΣ | |
| Φορέας πρωτότυπης καταλογογράφησης | MC Athens Campus Library |
| Γλώσσα καταλογογράφησης | Ελληνικά, Μοντέρνα (1453-) |
| Modifying agency | MC Athens Campus Library |
| Κανόνες περιγραφικής καταλογογράφησης | AACR2 |
| 245 1# - ΤΙΤΛΟΣ ΚΑΙ ΔΗΛΩΣΗ ΥΠΕΥΘΥΝΟΤΗΤΑΣ | |
| Τίτλος | MONETARY ECONOMICS: POLICY AND ITS THEORETICAL BASIS |
| 250 ## - EDITION STATEMENT | |
| Edition statement | 1 |
| 260 ## - PUBLICATION, DISTRIBUTION, ETC. | |
| Name of publisher, distributor, etc. | Palgrave Macmillan, |
| Date of publication, distribution, etc. | 2003 |
| 300 ## - PHYSICAL DESCRIPTION | |
| Extent | 509 |
| 505 0# - FORMATTED CONTENTS NOTE | |
| Formatted contents note | THE MEANING OF MONEY DEFINITIONS OF MONEY IN ECONOMICS THE MONEY SUPPLY PROCESS MONEY SUPPLY AND CONTROL IN THE UK THE THEORY AND DEMAND FOR MONEY TESTING THE DEMAND FOR MONEY FUNCTION |
| 520 ## - SUMMARY, ETC. | |
| Summary, etc. | THE MEANING OF MONEY DEFINITIONS OF MONEY IN ECONOMICS THE MONEY SUPPLY PROCESS MONEY SUPPLY AND CONTROL IN THE UK THE THEORY AND DEMAND FOR MONEY TESTING THE DEMAND FOR MONEY FUNCTION |
| 700 1# - ΠΡΟΣΘΕΤΗ ΑΝΑΓΡΑΦΗ--ΦΥΣΙΚΟ ΠΡΟΣΩΠΟ | |
| Personal name | Bain Keith |
| 9 (RLIN) | 7389 |
| 700 1# - ΠΡΟΣΘΕΤΗ ΑΝΑΓΡΑΦΗ--ΦΥΣΙΚΟ ΠΡΟΣΩΠΟ | |
| Personal name | Howells Peter |
| 9 (RLIN) | 7390 |
| 942 ## - ADDED ENTRY ELEMENTS (KOHA) | |
| Koha item type | Books |
| Τύπος τεκμηρίου | Βιβλιοθήκη | Τρέχουσα τοποθεσία | Barcode | Αριθμός εισαγωγής | Ημερομηνία απόκτησης | Ταξιθετικό σύμβολο | Αριθμός αντιτύπου | Κατάσταση απόσυρσης | Κατάσταση χαμένου | Κατάσταση κατεστραμμένου | Μη δανεισμός | Σύνολο δανεισμών | Ημερομηνία τελευταίας εμφάνισης | Η τιμή ισχύει από |
|---|---|---|---|---|---|---|---|---|---|---|---|---|---|---|
| Books | MC Thessaloniki Campus Library | MC Thessaloniki Campus Library | 9780000065681 | 1511 | 05/06/2025 | 332.46 BAI | 1 | 05/06/2025 | 05/06/2025 |